000 00558nam a22002177a 4500
999 _c7768
_d7768
001 7768
003 BD-JhCC
005 20180220172448.0
008 180213s1989 cn |||| |||| 000 0 eng d
035 _a(BD-JhCC)
040 _aBD-JhCC
_dBD-JhCC
041 _aeng
082 _a317
_bINF 1989
245 _aInformation Please Almanac Atlas & Yearbook 1989 /
_cOtto Johnson
250 _a42nd ed.
260 _aCanada:
_bHoughton Mifflin Company,
_c1986
300 _a976 p. :
_c20 cm.
650 _aStatistics
700 _aJohnson, Otto
942 _2ddc
_cBK